Spot the Odd Person Out! - Statistics

General Stats
  • This quiz has been taken 51 times
    43 since last reset
  • The average score is 4 of 10
Answer Stats
Question Answer % Correct
Russian Ballerinas
80%
German Tennis Players
70%
U.S. Presidents
70%
K-Pop Singers
60%
Canadian Hockey Players
50%
African-American Civil Rights Leaders
30%
Chinese Communist Party officials
20%
Indian Actresses
20%
Iranian Emperors
10%
English Chemists
10%
No matching quizzes found
Score Distribution
Percent of People with Each Score
Percentile by Number Answered
Your Score History
You have not taken this quiz since the last reset